Normal view MARC view
  • García de León, Antonio

Entry Nombre Personal

Number of records used in: 1

001 - NUMERO DE CONTROL

  • campo de control: 45585

003 - IDENTIFICADOR DE NUMERO DE CONTROL

  • campo de control: DLC

005 - FECHA Y HORA DE LA ÜLTIMA TRANSACCIÓN

  • campo de control: 20220808104817.0

008 - DATOS DE LONGITUD FIJA

  • campo de control de longitud fija: 780719n| azannaabn |a aaa

010 ## - NÚMERO DE CONTROL DE LA BIBLIOTECA DEL CONGRESO

  • Número de control LC: n 78045347

035 ## - NUMERO DE CONTROL

  • Número de control: (OCoLC)oca00181248

040 ## - FUENTE DE CATALOGACIÓN

  • Agencia original de catalogación: DLC
  • Lenguaje de catalogación: spa
  • Description conventions: rda
  • Agencia de transcripción: DLC
  • Agencia que lo modifica: DLC
  • Agencia que lo modifica: OCoLC
  • Agencia que lo modifica: UPB
  • Agencia que lo modifica: IEN
  • Agencia que lo modifica: MX-MxUPN

046 ## - FECHAS CON CODIFICACIÓN ESPECIAL

  • Fecha de nacimiento: 1944

100 1# - ENCABEZAMIENTO - NOMBRE PERSONAL

  • Nombre personal: García de León, Antonio

370 ## - LUGAR ASOCIADO

  • Place of birth: Jáltipan de Morelos, Mexico

373 ## - GRUPO ASOCIADO

  • Associated group: Universidad Nacional Autónoma de México
  • Fuente del término: naf

373 ## - GRUPO ASOCIADO

  • Associated group: Instituto Nacional de Antropología e Historia

374 ## - OCUPACIÓN

  • Occupation: Investigador
  • Occupation: Profesor universitario

375 ## - GÉNERO

  • Gender: masculino

377 ## - LENGUA ASOCIADA

  • Language code: spa

400 1# - VEÁSE - NOMBRE DE PERSONA

  • Personal name: León, Antonio García de

400 1# - VEÁSE - NOMBRE DE PERSONA

  • Personal name: De León, Antonio García

670 ## - FUENTE EN LA QUE SE LOCALIZARON DATOS

  • Cita de la fuente: En su obra: Pajapan, 1976:
  • Información localizada: portada (Antonio García de León)

670 ## - FUENTE EN LA QUE SE LOCALIZARON DATOS

  • Cita de la fuente: Ejército de ciegos, 1991:
  • Información localizada: portada (Antonio García de León) solapa (n. 1944, Jáltipan de Morelos, Veracruz; investigador, INAH; profesor, UNAM)

902 ## - CATALOGADOR

  • Catalogador: NDAF/080822